000 00403nam a22001697a 4500
005 20160429144403.0
008 160429b xxu||||| |||| 00| 0 eng d
020 _a81-272-2123-6
041 _aeng
082 _b00922
100 _aGupta K. Sashi Sharma. R.K.
_9260
245 _aManagement Accounting
260 _bKalyani Publisher
_c2008
300 _a390
650 _aManagement
_9241
942 _cBK
999 _c300
_d300